000 00303nam a2200121Ia 4500
008 190216s9999||||xx |||||||||||||| ||und||
100 _aKakar And Vaswani
245 0 _aFundamentals Of Computer Science
260 _bHimalaya Publishing House
_c1987
300 _a323 p
650 _aComputer
942 _cBK
999 _c8539
_d8539